| 000 -LEADER |
| fixed length control field |
nam a22 7a 4500 |
| 005 - DATE AND TIME OF LATEST TRANSACTION |
| control field |
20180219013155.0 |
| 008 - FIXED-LENGTH DATA ELEMENTS--GENERAL INFORMATION |
| fixed length control field |
180219b xxu||||| |||| 00| 0 eng d |
| 020 ## - IDENTIFIER FOR THE MANIFESTATION |
| Identifier for the Manifestation |
9781784047429 |
| Binding |
paperback |
| 040 ## - CATALOGING SOURCE |
| Language of Cataloging |
eng |
| Transcribing Agency |
APEC Schools Library |
| Description Conventions |
rda |
| 082 ## - DEWEY DECIMAL CLASSIFICATION NUMBER |
| Classification number |
C 510.04 |
| Author's Number |
R674f 2015 |
| 100 1# - CREATOR |
| Preferred Name of the Person |
Rooney, Anne |
| 245 14 - TITLE AND STATEMENT OF RESPONSIBILITY |
| Preferred Title Proper |
The 15-minute mathematician / |
| Statement of Responsibility/Parallel Statement of Responsibility |
Anne Rooney. |
| 264 ## - PUBLICATION STATEMENT |
| Place of publication, distribution, etc |
London, UK : |
| Publisher's Name/Parallel Publisher's Name |
Arcturus, |
| Copyright |
©2015. |
| Date of Publication |
[2015]. |
| 300 ## - PHYSICAL DESCRIPTION |
| Extent |
303 pages : |
| Illustrative Content |
illustrations ; |
| Dimensions |
15 cm |
| 336 ## - RDA CONTENT |
| Source |
rdacontent |
| Content Type |
text |
| 337 ## - RDA MEDIA |
| Source |
rdamedia |
| Media Type |
unmediated |
| 338 ## - RDA CARRIER |
| Source |
rdacarrier |
| Carrier Type |
volume |
| 490 ## - SERIES STATEMENT |
| Title Proper of Series |
Ideas to save your life. |
| 520 ## - SUMMARIZATION OF THE CONTENT |
| Summarization of the Content |
"Mathematics underlies all areas of life, whether it's working out how much interest ot charge on a loan or solving world hunger. The 15-minute mathematician explores some of the questions that have preoccupied the world's great minds for centuries."-- |
| 650 ## - ADDED SUBJECT ACCESS POINT - TOPICAL TERM |
| Topical Term |
Mathematics |
| General Subdivision |
Popular works. |
| 650 ## - ADDED SUBJECT ACCESS POINT - TOPICAL TERM |
| Topical Term |
Mathematics. |
| 942 ## - ADDED ENTRY ELEMENTS (KOHA) |
| Source of Classification |
|
| Koha Item Type |
Books |